000 00710nam a22002657a 4500
001 BR6004541
003 BR-BrBNA
005 20230928095838.0
007 ta
008 230509b bl.||||| |||| 00| 0 por d
040 _aBR-BrBNA
_bpor
_cBiblioteca Nacional de Agricultura
041 _a(Por)
072 _aM00
090 _ M00 BR6004541
100 1 _aSilva, R.D. da
110 1 _aMinisterio da Agricultura, Rio de Janeiro, GB (Brasil). Div. de Caca e Pesca
245 1 _aA pesca no Brasil
260 3 _aRio de Janeiro, GB (Brasil):
_c1954.
300 _a9 p.
650 _aPesca
650 _aEntreposto
650 _aProducao Pesqueira
909 _a202309
_bLucia
_c55
_dLucia Elande
942 _cBK
999 _c58994
_d58994